000 00281nam a2200133Ia 4500
100 _aHome Imprrovment Series
942 _cBK
654 _aGuide
245 _aGuide To Plumbing
260 _bMc Graw Hill
_aNew York
_c1980
082 _a696.1
300 _a93
546 _aENGLISH
999 _c20587
_d20587